Čo je home banking?

Stručná informácia o automatickom systéme umožňujúcom poskytovať bankové služby na diaľku, prostredníctvom počítača a telekomunikačných zariadení.

Guardado en:
Detalles Bibliográficos
Autor principal: Jánoš, Daniel
Formato: Capítulo de libro
Lenguaje:eslovaco
Materias:
Etiquetas: Agregar Etiqueta
Sin Etiquetas, Sea el primero en etiquetar este registro!

MARC

LEADER 00000naa a2200000 4500
001 r035927
005 20230911130752.1
041 0 |a slo 
044 |a SK 
245 1 0 |a Čo je home banking?  |c Daniel Jánoš 
520 |a Stručná informácia o automatickom systéme umožňujúcom poskytovať bankové služby na diaľku, prostredníctvom počítača a telekomunikačných zariadení. 
610 2 0 |a bankovníctvo 
610 2 0 |a homebanking 
610 2 0 |a systémy automatické 
610 2 0 |a služby bankové 
100 1 |a Jánoš, Daniel